Key sociological thinkers / edited by rob stones (Record no. 225931)

MARC details
000 -LEADER
fixed length control field 00686nam a2200229Ia 4500
008 - FIXED-LENGTH DATA ELEMENTS--GENERAL INFORMATION
fixed length control field 191130s2008##################000#0#eng##
020 ## - INTERNATIONAL STANDARD BOOK NUMBER
ISBN 9780230001565
082 ## - DEWEY DECIMAL CLASSIFICATION NUMBER
Classification number 301.0922 STO
100 ## - MAIN ENTRY--AUTHOR NAME
Personal name Stones, Rob
245 ## - TITLE STATEMENT
Title Key sociological thinkers / edited by rob stones
250 ## - EDITION STATEMENT
Edition statement 2nd ed
260 ## - PUBLICATION, DISTRIBUTION, ETC. (IMPRINT)
Place of publication Houndmills, Basingstoke, Hampshire ; New York
Name of publisher Palgrave Macmillan
Year of publication 2008
300 ## - PHYSICAL DESCRIPTION
Number of Pages xvi, 480 p. ; 24 cm
500 ## - GENERAL NOTE
General note Includes bibliographical references (p. 429-459) and index
650 ## - SUBJECT ADDED ENTRY--TOPICAL TERM
Topical Term Sociologists
Topical Term Sociology
991 ## -
-- 295547
Holdings
Withdrawn status Lost status Damaged status Not for loan Home library Current library Shelving location Date acquired Full call number Accession Number Price effective from Koha item type
        Anna Centenary Library Anna Centenary Library COMPETITIVE SECTION - SEVENTH FLOOR 13.10.2020 301.0922 STO 321941 13.10.2020 English Books

Find us on the map